LEADER 00891nam a2200229 4500 001 000000364891 003 CaOOAMICUS 005 20251027164606.0 008 251027s1960 it 000 u ita r 040 $aSeMil$bita 100 1 $aMinozzi, Bruno.$0(OLS)http://semarc/name/24000 245 10$aSaggio di una teoria dell'essere come presenza pura /$cBruno Minozzi. 264 1$aBologna :$bIl Mulino,$c1960. 300 $aXI, 267 p. ;$c23 cm 490 1 $aSaggi ;$v28 830 0$aSaggi ;$v28.$0(OLS)http://semarc/title/341 850 $aSeMil 852 $aSeMil$W1$xVenegono$y1$m2P V 237$j263856$B255712$CSeMilBibl$Z2$F255712 $81 961 $aBuzzi mons. Franco - Omaggio 996 $6245$aSaggio di una teoria dell'essere come presenza pura$9(OLS)http://semarc/title/456387 996 $6264$aBologna :$bIl Mulino$9(OLS)http://semarc/publisher/29842 LEADER 00831nam a2200241 i 4500 001 000000165126 003 CaOOAMICUS 005 20071009000000.0 008 071009s1970 it u000 u ita u 013 $a142494 040 $aSeMil$bita 100 1 $aSaito, Nello.$0(OLS)http://semarc/name/60231 245 10$aDentro e fuori /$cNello Saito. 250 $a6. Ed. 260 $aMilano :$bRizzoli,$c1970. 300 $a150 p. ;$c23 cm. 490 0 $aRomanzi italiani e stranieri 830 0$aRomanzi italiani e stranieri.$0(OLS)http://semarc/title/24380 850 $aSeMil 852 $aSeMil$W1$xVenegono$y1$m1A IV 242$j236453$B116323$CSeMilBibl$Z2$F127259 $81 961 $aRecupero: Altro 996 $6245$aDentro e fuori$9(OLS)http://semarc/title/235669 996 $6260$aMilano :$bRizzoli$9(OLS)http://semarc/publisher/29824